| 000 | 00528nam a22001697a 4500 | ||
|---|---|---|---|
| 003 | NUST | ||
| 038 | _aNusrat Nadeem | ||
| 082 | _a200 | ||
| 100 |
_aHina Aslam, Gul I _9123725 |
||
| 245 |
_aOn Means and Inequalities for Co-Semigroup of Operators/ _cGul I Hina Aslam, |
||
| 264 |
_aIslamabad; _bSNS NUST; _c2016; |
||
| 300 |
_a73,p; _bill; _c30,cm. |
||
| 650 |
_aPhD-Mathematics _9123169 |
||
| 700 |
_aSupervisor:y Dr. Matloob Anwar _9123726 |
||
| 856 | _u http://10.250.8.41:8080/xmlui/handle/123456789/3321 | ||
| 942 |
_2ddc _cSC |
||
| 999 |
_c609815 _d609815 |
||